000 00509nam a22001817a 4500
005 20260219105745.0
008 260219b |||||||| |||| 00| 0 eng d
020 _a9780367877408
050 _aTA562.N33
_b.L48
100 _aLEVIN, EUGENE
245 _aSURVEYING INSTRUMENTS AND TECHNOLOGY
250 _a9th
260 _aBOCA RATON
_bCRC PRESS
_c2017
300 _aXVI, 236p.
_billus
650 _aSURVEYING
_vGEOSPATIAL DATA
_xGEODESY
700 _a2. NADOLINETS, LEONID 3. AKHMEDOU, DAULET
942 _cBK
999 _c4550
_d4550